Switzerland True or False? - Statistics

General Stats
  • This quiz has been taken 226 times
  • The average score is 10 of 15
Answer Stats
Question Answer % Correct
Switzerland borders exactly four countries False
97%
The capital of Switzerland is not the biggest city. True
94%
Switzerland has hosted Olympic Games True
87%
Gold mining is a significant part of the Swiss economy False
77%
The Swiss population is currently growing True
77%
Both IOC and FIFA are based in Switzerland True
77%
Switzerland has never won the Eurovision Song Contest False
74%
The highest mountain in non-Russian Europe lies in Switzerland False
71%
Switzerland has mandatory military service True
71%
All of Switzerland is either drained by the rivers Rhine or Rhone False
58%
The construction of minarets is prohibited in Switzerland True
58%
Switzerland has a higher population density than Germany False
55%
There are four languages that are the main language of more than 10% of the Swiss people False
35%
Switzerland has the highest number of Nobel laureates per capita in the world False
32%
Gay marriage is legal in Switzerland False
23%
No matching quizzes found
Score Distribution
Percent of People with Each Score
Percentile by Number Answered
Your Score History
You have not taken this quiz